| 000 | 00647nam a2200157Ia 4500 | ||
|---|---|---|---|
| 008 | 231221s9999 xx 000 0 und d | ||
| 020 | _a978-3-540-33352-4 | ||
| 041 | _aEnglish | ||
| 100 | _aSven A. Brueckner, Giovanna Marzo Serugendo, David Hales, Franco Zambonelli | ||
| 245 | 0 | _aEngineering Self-Organising Systems | |
| 260 |
_c2006 _bSpringer US _aNew York |
||
| 440 | _aLecture Notes in Computer Science | ||
| 650 | _aArtificial Intelligence (incl. Robotics); Computer Communication Networks; Software Engineering; Operating Systems; Information Storage and Retrieval; Computers and Society | ||
| 650 | _aComputer Science | ||
| 942 | _cEB | ||
| 999 |
_c221380 _d221380 |
||